00501nam a22001577a 4500008004100000020001800041040005500059080002900114100001900143245003200162260006700194500003300261650001500294653001100309700002300320230612b |||||||| |||| 00| 0 eng d a0-87279-667-1 aNational Science LibrarycNational Science Library aR 524.6/.7(084.4) bN4.11 aSandage, Allan aCarnegie atlas of galaxies  aWashington, D.C.: bCarnegie Institution of Washington, c1994 aVol. 1 (ISBN: 0-87279-667-1) aAstronomy  aAtlas  aBedke, John (Ed.)